000 01033cam a2200241 4500
001 ABS65082
008 020301n2002 000 0 eng u
035 _a(Sirsi) u116947
100 _aMinogue, A.
245 _aAnother fine mess
260 _c2002
490 _aBuilding
_v267(8219) 1 February 2002, 47(1)
520 _aLooks at how far a contractor's liability goes for any design work that it does, in regard to the standard forms of contract. Highlights how this problem is dealt with by four main types of contract including the Engineering and Construction Contract, second edition, which it singles out as providing clear provision for this key issue.
590 _aABS
650 _aICE DESIGN AND CONSTRUCT CONDITIONS OF CONTRACT
650 _aGC/WORKS/1
650 _aENGINEERING AND CONSTRUCTION CONTRACT
650 _aContracts
_96232
650 _aDESIGN AND BUILD
650 _aJCT STANDARD FORM OF CONTRACT WITH CONTRACTORS DESIGN
690 _aBUILT ENVIRONMENT-BUILDING CONTRACT FORMS
942 _n0
999 _c69654
_d69654